000 00747nam a2200229Ii 4500
003 JO-AjNU
008 230605s9999||||xx |||||||||||||| ||und||
017 _a10146/2012
020 _a978-977-04-7015-1
040 _aJO-AjNU
_bara
_erda
_cJO-AjNU
041 _aara
050 1 4 _aJC49.T354.2012
100 3 _aالطالباني، كاوة,
_eauthor
_964429
245 0 0 _aالموازنة السياسية نحو ابداع فكري وسياسي جديد
250 _aط1
264 3 1 _aالقاهرة: دار النهضة العربية، 2012
300 _a500ص
336 _atext
_btxt
_2rdacontent
337 _aunmediated
_bn
_2rdamedia
338 _avolume
_bnc
_2rdacarrier
650 4 _aعلم الاجتماع السياسي
_964430
999 _aA29362
_c32930
_d32930